Hallazgo del género Trigonobalanus forman, 1962 (<Fagaceae>) en el neotrópico- II (Registro nro. 14621)

Detalles MARC
000 -CABECERA
Campo de control 004300000a22001330004500
090 ## - CLASIFICACIÓN LOCAL
Colección AS
Consecutivo Seriadas
041 0# - IDIOMA
Código de idioma para texto/pista de sonido o título separado
100 1# - ASIENTO PRINCIPAL--NOMBRE PERSONAL
Nombre personal Hernández Camacho, Jorge Ignacio
245 10 - MENCION DE TITULO
Título Hallazgo del género Trigonobalanus forman, 1962 (<Fagaceae>) en el neotrópico- II
700 1# - ASIENTO SECUNDARIO - NOMBRE PERSONAL
Nombre personal Lozano Contreras, Gustavo
700 1# - ASIENTO SECUNDARIO - NOMBRE PERSONAL
Nombre personal Henao S., Jesús E.
773 1# - Item fuente:
Título Caldasia
Especificación de materiales 45
Descripción física 61
Paginas del Articulo 9-43
Lugar, editorial y fecha de publicación 1980
Información sobre la relación 8
942 ## - ELEMENTOS ADICIONALES (KOHA)
Tipo de ítem Artículo

No hay ítems disponibles.